Statistics for Top 10 Most Corrupt U.S. States

Click here to take the quiz!

General Stats

  • This quiz has been taken 88 times
  • The average score is 8 of 10

Answers on the Map

Answers color-coded by a green-red scale on the quiz's map according to % correct below.
 

Answer Stats

State% Correct
Florida
94%
Louisiana
90%
Alabama
87%
Kentucky
87%
Mississippi
87%
Illinois
84%
Alaska
76%
Tennessee
76%
Pennsylvania
60%
South Dakota
54%

Score Distribution

Percentile by Number Answered

Percent of People with Each Score

Your Score History

You have not taken this quiz